Kỹ thuật mới trong ấp trứng gia cầm
Trình bày đặc điểm sinh học và sinh sản của gà vịt; Ấp trứng và quá trình phát triển phôi; Ấp trứng gia cầm bằng phương pháp truyền thống có cải tiến; Ấp trứng gia cầm bằng máy ấp tự động...
Đã lưu trong:
| Tác giả chính: | |
|---|---|
| Định dạng: | Sách |
| Năm xuất bản: |
H.
Lao động
2006.
|
| Chủ đề: | |
| Tags: |
Thêm thẻ
Không có thẻ, Hãy là người đầu tiên gắn thẻ bản ghi này!
|
| LEADER | 02639nam a2200289 4500 | ||
|---|---|---|---|
| 082 | |a 636.5 |b CH500TH | ||
| 100 | |a Chu Thị Thơm | ||
| 245 | |a Kỹ thuật mới trong ấp trứng gia cầm |c Chu Thị Thơm, Phan Thị Lài, Nguyễn Văn Có | ||
| 260 | |a H. |b Lao động |c 2006. | ||
| 300 | |a 135tr. |c 19cm | ||
| 520 | |a Trình bày đặc điểm sinh học và sinh sản của gà vịt; Ấp trứng và quá trình phát triển phôi; Ấp trứng gia cầm bằng phương pháp truyền thống có cải tiến; Ấp trứng gia cầm bằng máy ấp tự động... | ||
| 653 | |a KT Nông nghiệp | ||
| 653 | |a Chăn nuôi | ||
| 653 | |a Gia cầm | ||
| 653 | |a Ấp trứng | ||
| 942 | |2 ddc |c STK0 | ||
| 999 | |c 6094 |d 6094 | ||
| 952 | |0 0 |1 0 |2 ddc |4 0 |6 636_500000000000000_CH500TH |7 0 |8 600 |9 55704 |a qbu |b qbu |c D3 |d 2015-01-14 |g 14000 |o 636.5 CH500TH |p 6094.c1 |r 0000-00-00 |w 2015-01-14 |y STK0 |0 0 |6 636_500000000000000_CH500TH | ||
| 952 | |0 0 |1 0 |2 ddc |4 0 |6 636_500000000000000_CH500TH |7 0 |8 600 |9 55705 |a qbu |b qbu |c D3 |d 2015-01-14 |g 14000 |o 636.5 CH500TH |p 6094.c2 |r 0000-00-00 |w 2015-01-14 |y STK0 |0 0 |6 636_500000000000000_CH500TH | ||
| 952 | |0 0 |1 0 |2 ddc |4 0 |6 636_500000000000000_CH500TH |7 0 |8 600 |9 55706 |a qbu |b qbu |c D3 |d 2015-01-14 |g 14000 |o 636.5 CH500TH |p 6094.c3 |r 0000-00-00 |w 2015-01-14 |y STK0 |0 0 |6 636_500000000000000_CH500TH | ||
| 952 | |0 0 |1 0 |2 ddc |4 0 |6 636_500000000000000_CH500TH |7 0 |8 600 |9 55707 |a qbu |b qbu |c D3 |d 2015-01-14 |g 14000 |o 636.5 CH500TH |p 6094.c4 |r 0000-00-00 |w 2015-01-14 |y STK0 |0 0 |6 636_500000000000000_CH500TH | ||
| 952 | |0 0 |1 0 |2 ddc |4 0 |6 636_500000000000000_CH500TH |7 0 |8 600 |9 55708 |a qbu |b qbu |c D3 |d 2015-01-14 |g 14000 |o 636.5 CH500TH |p 6094.c5 |r 0000-00-00 |w 2015-01-14 |y STK0 |0 0 |6 636_500000000000000_CH500TH | ||
| 952 | |0 0 |1 0 |2 ddc |4 0 |6 636_500000000000000_CH500TH |7 0 |8 600 |9 55709 |a qbu |b qbu |c D3 |d 2015-01-14 |g 14000 |o 636.5 CH500TH |p 6094.c6 |r 0000-00-00 |w 2015-01-14 |y STK0 |0 0 |6 636_500000000000000_CH500TH | ||
| 952 | |0 0 |1 0 |2 ddc |4 0 |6 636_500000000000000_CH500TH |7 0 |8 600 |9 55710 |a qbu |b qbu |c D3 |d 2015-01-14 |g 14000 |o 636.5 CH500TH |p 6094.c7 |r 0000-00-00 |w 2015-01-14 |y STK0 |0 0 |6 636_500000000000000_CH500TH | ||
| 952 | |0 0 |1 0 |2 ddc |4 0 |6 636_500000000000000_CH500TH |7 0 |8 600 |9 55711 |a qbu |b qbu |c D3 |d 2015-01-14 |g 14000 |o 636.5 CH500TH |p 6094.c8 |r 0000-00-00 |w 2015-01-14 |y STK0 |0 0 |6 636_500000000000000_CH500TH | ||
| 952 | |0 0 |1 0 |2 ddc |4 0 |6 636_500000000000000_CH500TH |7 0 |8 600 |9 55712 |a qbu |b qbu |c D3 |d 2015-01-14 |g 14000 |o 636.5 CH500TH |p 6094.c9 |r 0000-00-00 |w 2015-01-14 |y STK0 |0 0 |6 636_500000000000000_CH500TH | ||
| 952 | |0 0 |1 0 |2 ddc |4 0 |6 636_500000000000000_CH500TH |7 0 |8 600 |9 55713 |a qbu |b qbu |c D3 |d 2015-01-14 |g 14000 |o 636.5 CH500TH |p 6094.c10 |r 0000-00-00 |w 2015-01-14 |y STK0 |0 0 |6 636_500000000000000_CH500TH | ||